| 000 | 00467nam a2200157 i 4500 | ||
|---|---|---|---|
| 001 | bg | ||
| 245 | 0 |
_aEfektywność gospodarowania czynnikami produkcji / _c[red. nauk. Włodzimierz Mozel. |
|
| 260 |
_aSzczecin, _c1982. |
||
| 490 | 1 |
_aPrace Naukowe Politechniki Szczecińskiej ; _vnr 170 |
|
| 830 | _aPrace Naukowe Politechniki Szczecińskiej ; | ||
| 040 | _cBPK | ||
| 041 | _apol | ||
| 080 | _a338.45 | ||
| 942 | _cKS | ||
| 008 | s pl f |000 0 pol | ||
| 999 |
_c20973 _d20973 |
||
| 856 |
_uhttp://koha.tu.koszalin.pl/cgi-bin/koha/opac-detail.pl?biblionumber=20973 _yKatalog online BPK |
||